000 00654nam a2200265Ia 4500
003 OSt
005 20221005092729.0
006 a|||||r|||| 00| 0
007 ta
008 221004b |||||||| |||| 00| 0 eng d
020 _a0387947663
024 _a155
037 _cTextual
040 _aCRL
_cCRL
_beng
041 _2eng
_aeng
082 _aP:7(A), N6
100 _aAlley Michael
_9617702
245 0 _aCraft of scientific writing
250 _a3rd
260 _aNew York
_bSpringer
_c1996
300 _a282p.
_ccm.
650 _aLINGUISTICS
942 _hP:7(A), N6
_cTEXL
_2cc
999 _c999308
_d999308